The relationship between lack of controllability and proactive work behaviour: an empirical analysis of competing theoretical explanations (Record no. 329463)
[ view plain ]
| 000 -LEADER | |
|---|---|
| fixed length control field | 00695nam a2200181Ia 4500 |
| 008 - FIXED-LENGTH DATA ELEMENTS--GENERAL INFORMATION | |
| fixed length control field | 170419s9999 xx 000 0 und d |
| 100 ## - MAIN ENTRY--PERSONAL NAME | |
| Personal name | Burkert, Michael. |
| 245 #4 - TITLE STATEMENT | |
| Title | The relationship between lack of controllability and proactive work behaviour: an empirical analysis of competing theoretical explanations |
| 245 ## - TITLE STATEMENT | |
| Statement of responsibility, etc | Michael Burkert, Franz Michael Fischer, Florian Hoos & Karl Schuhmacher. |
| 260 ## - PUBLICATION, DISTRIBUTION, ETC. (IMPRINT) | |
| Name of publisher, distributor, etc | Routledge: Taylor & Francis Group |
| 260 ## - PUBLICATION, DISTRIBUTION, ETC. (IMPRINT) | |
| Date of publication, distribution, etc | 2016 |
| 300 ## - PHYSICAL DESCRIPTION | |
| Extent | February |
| 440 ## - SERIES STATEMENT/ADDED ENTRY--TITLE | |
| Title | Accounting and Business Research |
| Volume number/sequential designation | 47:2 |
| 650 ## - SUBJECT ADDED ENTRY--TOPICAL TERM | |
| Topical term or geographic name as entry element | CONTROLLABILITY PRINCIPLE |
| 650 ## - SUBJECT ADDED ENTRY--TOPICAL TERM | |
| Topical term or geographic name as entry element | MANAGEMENT CONTROL SYSTEM |
| 650 ## - SUBJECT ADDED ENTRY--TOPICAL TERM | |
| Topical term or geographic name as entry element | PROACTIVE WORK BEHAVIOR |
| 650 ## - SUBJECT ADDED ENTRY--TOPICAL TERM | |
| Topical term or geographic name as entry element | ROLE THEORY |
| Withdrawn status | Lost status | Damaged status | Home library | Current library | Date acquired | Total Checkouts | Date last seen | Price effective from | Koha item type |
|---|---|---|---|---|---|---|---|---|---|
| College Library | College Library | 04/19/2017 | 04/19/2017 | 04/19/2017 | Periodicals |